Game of Thrones Character Deaths - Statistics

General Stats
  • This quiz has been taken 72 times
  • The average score is 47 of 70
Answer Stats
Hint Answer % Correct
Publicly executed by Ilyn Payne on the orders of Joffrey Baratheon Ned Stark
90%
Stabbed in the back by Jaime Lannister as part of Robert's Rebellion Aerys
85%
Died from injuries sustained from a wild boar during a hunt (as orchestrated by Cersei via Lancel Lannister) Robert Baratheon
85%
Suffocated with a pillow by Daenerys Targaryen after being rendered brain-dead Khal Drogo
84%
Killed by the shadow child of Stannis Baratheon and the red priestess Melisandre Renly Baratheon
82%
Killed mysteriously for investigating Robert's children's true heir (later revealed to have been his wife) Jon Arryn
80%
Had his skull crushed with bare hands by The Mountain Oberyn Martell
80%
Killed by White Walkers after holding a door closed, allowing Bran Stark to escape Hodor
79%
Poisoned on his nameday by Olenna Tyrell with the help of Petyr Baelish Joffrey Baratheon
79%
Killed by Ned Stark on the orders of Cersei, as revenge for a direwolf attacking Joffrey Baratheon Lady
79%
Mauled by his own dogs, as orchestrated by Sansa Stark Ramsay Bolton
79%
Stabbed in the stomach by Roose Bolton during the Red Wedding Robb Stark
79%
Executed by Brienne of Tarth as revenge for the death of Renly Baratheon Stannis Baratheon
79%
Several members of this house were killed when Cersei exploded the High Sept Tyrell
79%
Died in her lover's arms as the Red Keep fell on top of their heads Cersei Lannister
77%
Intentionally drank poisoned wine given to her by Jaime Lannister Olenna Tyrell
77%
Shot in the back with an arrow by Ramsay Bolton while trying to reach Jon Snow's army Rickon Stark
77%
Killed by his son Ramsay Bolton, so Ramsay could assume control of Winterfell Roose Bolton
77%
Shot with a crossbow while on the toilet by Tyrion Lannister Tywin Lannister
77%
Throat slit during the Red Wedding after killing Walder Frey's wife Catelyn Stark
75%
Died in his lover's arms as the Red Keep fell on top of their heads Jaime Lannister
75%
Poisoned by Ellaria Sand while leaving Dorne Myrcella Baratheon
75%
Burned alive as a sacrifice by the red priestess Melisandre Shireen Baratheon
75%
Killed by his brother when both men threw themselves off of the Red Keep The Mountain
75%
Threw himself from a window in grief after learning of his wife's death Tommen Baratheon
75%
Killed when Khal Drogo dumped a cauldron of molten gold onto his head Viserys Targaryen
75%
Killed by Arya Stark as revenge for the Red Wedding Walder Frey
75%
Died when he tackled his brother off of the Red Keep The Hound
74%
Stabbed by Jon Snow in front of the Iron Throne Daenerys Targaryen
72%
Executed by Arya Stark on the orders of Sansa Stark after being found guilty of treason Petyr Baelish
72%
Strangled with a necklace by Tyrion Lannister Shae
72%
Stabbed by the Night King with his own broken spear while defending Bran Stark Theon Greyjoy
72%
Executed by Daenerys Targaryen via dragonfire for treason Varys
72%
Thrown off of a bridge by Euron Greyjoy Balon Greyjoy
70%
Shot with an arrow by Olly after showing mercy to Jon Snow Ygritte
70%
Died peacefully of natural causes at Castle Black Aemon
69%
Stabbed in the stomach by Jaime Lannister for making advances at Cersei Euron Greyjoy
69%
Stabbed repeatedly in the stomach as part of a Night's Watch mutiny Jon Snow
69%
Died fighting White Walkers while defending Daenerys Targaryen Jorah Mormont
69%
Pushed through the "moondoor" at the Eyrie by Petyr Baelish Lysa Arryn
69%
Took off her magical necklace and died as she disappeared into the snow Melisandre
69%
Stabbed repeatedly by Arya Stark in a whorehouse Meryn Trant
69%
Also hung for mutiny, albeit with a longer rope Olly
69%
Stabbed in the neck by Ramsay Bolton while attempting to seduce him Osha
69%
Shot with a crossbow by Joffrey Baratheon while tied up against a bedpost Ros
69%
Executed by The Mountain on the orders of Cersei Lannister on the walls of King's Landing Missandei
67%
This religious cult leader was also killed by Cersei during the explosion of the Sept High Sparrow
66%
Stabbed in the back during the Mutiny at Craster's Keep Jeor Mormont
66%
Stabbed in the heart by Arya Stark Night King
66%
Shot with an arrow by Jon Snow while being burned alive at the stake Mance Rayder
64%
Stabbed repeatedly by Varys' "little birds" on Qyburn's orders Grand Maester Pycelle
62%
Killed by Lannister and Frey soldiers after failing to defend Riverrun Brynden Tully
61%
Died after killing a Wight Giant, as the dead giant fell onto her Lyanna Mormont
61%
Stabbed through the mouth by Karl Tanner of the Night's Watch, inciting a mutiny at his keep Craster
59%
Stabbed by Jon Snow in order to earn the trust of the Wildlings Qhorin Halfhand
59%
Executed by Daenerys Targaryen via dragonfire Randyll Tarly
59%
Stabbed in the stomach while pregnant, igniting the Red Wedding Talisa Stark
59%
Stabbed repeatedly in an ambush from the Sons of the Harpy Barristan Selmy
56%
Died when his head was smashed into a wall by The Mountain Qyburn
54%
Murdered by Meryn Trant and his Kings Guard while allowing Arya Stark to escape Syrio Forel
52%
Hung from the neck by Jon Snow for leading a mutiny Alliser Thorne
51%
Executed by Robb Stark after disobeying orders and killing two Lannisters in the dungeons of Riverrun Rickard Karstark
51%
Killed when the Night King threw a spear through its neck Viserion
51%
Killed by White Walkers after sacrificing himself to allow Jon Snow and his people to escape Benjen Stark
49%
Executed by Jon Snow for disrespect and for refusing to go to Greyguard Janos Slynt
44%
Committed suicide after Stannis and Melisandre sacrificed her daughter Selyse
43%
Mercy killed by Osha after being stabbed; tells Bran & Rickon to go north before dying Luwin
39%
Locked in an impenetrable vault, to die of natural causes and starvation Xaro
36%
Burned by dragon's breath on the orders of Daenerys Targaryen after he attempted to steal the dragons Pyat Pree
31%
Killed by The Mountain when wood from a lance snapped off into his neck Hugh
20%
No matching quizzes found
Score Distribution
Percent of People with Each Score
Percentile by Number Answered
Your Score History
You have not taken this quiz